| 000 | 01202nam a22003617a 4500 | ||
|---|---|---|---|
| 003 | CHAP | ||
| 005 | 20220817044507.0 | ||
| 008 | 111025s2007 it r 00010 eng d | ||
| 010 | _a102461 | ||
| 011 | _a103433 | ||
| 020 | _a9789251058329 | ||
| 035 | _a114122 | ||
| 040 | _cCHAP | ||
| 082 | 0 | 4 |
_a639.2 _bF46y v.846 |
| 110 | 2 | _aFAO | |
| 245 | 1 | 0 |
_aReport of the expert consultation to draft a legally - binding instrument on port state measures _c/por FAO |
| 260 |
_aRoma : _bFAO, _c2007 |
||
| 300 | _aiv, 22 p. | ||
| 490 | 0 |
_aFAO. Informe de pesca _v; 846 |
|
| 500 | _aWashington D.C., United States of America, 4 - 8 September 2007 | ||
| 590 |
_aBATCH-UPD _b10 _c20130110 _lUCH01 _h1045 |
||
| 590 |
_aBATCH-UPD _b10 _c20130410 _lUCH01 _h0644 |
||
| 590 |
_aBATCH-UPD _b10 _c20130914 _lUCH01 _h1350 |
||
| 590 |
_aCONVERSION _b10 _c20130109 _lUCH01 _h1356 |
||
| 650 | 1 | 4 |
_aPesca _xLeyes. _987396 |
| 650 | 1 | 4 |
_aPesquería. _987496 |
| 650 | 1 | 4 |
_aPolítica pesquera. _990684 |
| 650 | 1 | 4 |
_aRecursos marinos _xLeyes. _995155 |
| 830 | 0 |
_aFAO. Informe de pesca _v; 846 _939587 |
|
| 901 | _aBK | ||
| 942 | _cLIBRO | ||
| 949 |
_a639.2 F46y v.846 _bBC _cFAO _d33724002079389 _eFAO1 _gDonaciØn _h114122 _i114122 _sb |
||
| 999 |
_c102461 _d102461 |
||